| Tag |
First Indicator |
Second Indicator |
Subfields |
| LEADER |
00000cam a2200000Ia 4500 |
| 001 |
in00003516213 |
| 005 |
20151206124448.0 |
| 008 |
140328s2014 enka 000 0 eng d |
| 020 |
|
|
|a 9781783191239 (paperback)
|
| 020 |
|
|
|a 1783191236 (paperback)
|
| 020 |
|
|
|z 9781783196227 (eISBN)
|
| 020 |
|
|
|z 178319622X (eISBN)
|
| 029 |
1 |
|
|a NZ1
|b 15515944
|
| 035 |
|
|
|a (OCoLC)ocn875253067
|
| 035 |
|
|
|a (OCoLC)875253067
|
| 040 |
|
|
|a BTCTA
|b eng
|c BTCTA
|d BDX
|d COO
|d YDXCP
|d OCLCO
|d OUN
|d UtOrBLW
|
| 049 |
|
|
|a TXAM
|
| 050 |
|
4 |
|a PR6102.A23
|b O9 2014
|
| 082 |
0 |
4 |
|a 822/.92
|2 23
|
| 110 |
2 |
|
|a Babakas (Theater company)
|
| 245 |
1 |
0 |
|a Our fathers /
|c Babakas ; devised and written by the company.
|
| 264 |
|
1 |
|a London, United Kingdom :
|b Oberon Books Limited,
|c 2014.
|
| 300 |
|
|
|a 62 pages :
|b illustrations ;
|c 21 cm
|
| 336 |
|
|
|a text
|b txt
|2 rdacontent
|
| 337 |
|
|
|a unmediated
|b n
|2 rdamedia
|
| 338 |
|
|
|a volume
|b nc
|2 rdacarrier
|
| 490 |
1 |
|
|a Oberon modern plays
|
| 504 |
|
|
|a Includes bibliographical references.
|
| 650 |
|
0 |
|a Fathers
|v Drama.
|
| 830 |
|
0 |
|a Oberon modern plays.
|
| 938 |
|
|
|a Baker and Taylor
|b BTCP
|n BK0014703508
|
| 938 |
|
|
|a Brodart
|b BROD
|n 109030214
|
| 938 |
|
|
|a YBP Library Services
|b YANK
|n 11682886
|
| 947 |
|
|
|a A14840333741
|
| 945 |
|
|
|a PromptCat
|b 987627
|
| 946 |
|
|
|a stk
|
| 948 |
|
|
|a Cataloged
|b h
|c 2014/12/5
|d c
|e LDuncan
|
| 994 |
|
|
|a 92
|b TXA
|
| 999 |
|
|
|a MARS
|
| 999 |
f |
f |
|s a4ce965b-da74-3db3-beb8-d8c858074d8c
|i 028e8adb-0136-3e25-b8c4-19337779f9fe
|t 0
|